000 00558nam a2200241Ia 4500
003 OSt
005 20220912152907.0
006 a|||||r|||| 00| 0
007 ta
008 220909b |||||||| |||| 00| 0 eng d
024 _a32200
037 _cTextual
040 _aCSL
_beng
_cCSL
041 _aeng
082 _aC28:76, J2;2
100 _aReimann Arnold L
245 0 _aVazuum technique
260 _c1955
300 _ap.
_ccm.
650 _aGas
942 _hC28:76, J2;2
_cTEXL
_2CC
999 _c93228
_d93228